000 01847nam a2200517 i 4500
001 35736
003 KOSZ 005
005 20200722102258.0
008 200722s1997 pl f 000 0 pol
015 _aUWD 1998/550
020 _a8301117923
035 _a991003405639705066
035 _a(PL-WaBN)b10912824-48omnis_nlop
035 _ab10912824
035 _a(OCoLC)749370827
035 _a(PL)b0000001091282
035 _a(EXLNZ-48OMNIS_NETWORK)9910134966505606
040 _aWA N
_cWA N
_dKOSZ 005/RW
046 _k1997
080 _a336.1
080 _a(075.8)
245 0 0 _aFinanse publiczne /
_cautorzy: Emilia Denek [et al.].
250 _aWydanie 1, dodruk 4.
260 _aWarszawa :
_bWydawnictwo Naukowe PWN,
_c1997.
300 _a205, [1] stron ;
_c24 cm.
336 _aTekst
_btxt
_2rdacontent
337 _aBez urządzenia pośredniczącego
_bn
_2rdamedia
338 _aWolumin
_bnc
_2rdacarrier
380 _aKsiążki
380 _aPublikacje dydaktyczne
388 1 _a1901-2000
388 1 _a1989-2000
504 _aBibliografia na stronach [204]-205.
521 8 _aOdbiorcami niniejszego podręcznika będą przede wszystkim studenci i wykładowcy wydziałów ekonomicznych, organizacji i zarządzania oraz prawa i administracji.
650 7 _aFinanse publiczne
_2DBN
655 7 _aPodręczniki akademickie
_2DBN
658 _aGospodarka, ekonomia, finanse
700 1 _aDenek, Emilia
_d(1936- )
_eAutor
700 1 _aSobiech, Jan
_d(1946-2017)
_eAutor
700 1 _aWierzbicki, Janusz
_eAutor
700 1 _aWolniak, Jerzy
_d(1925-2006)
_eAutor
710 2 _aWydawnictwo Naukowe PWN
_4pbl
856 _uhttp://koha.tu.koszalin.pl/cgi-bin/koha/opac-detail.pl?biblionumber=35736
_yKatalog online BPK
942 _2UKD
_cKS
999 _c35736
_d35736